[Event "FRA-ch U16"]
[Site "Hyeres"]
[Date "2019.04.18"]
[Round "6"]
[White "Christien, Vincent"]
[Black "Degraeve, Remy"]
[Result "0-1"]
[WhiteElo "2183"]
[BlackElo "2312"]
[PlyCount "56"]
[EventDate "2019.04.14"]
[EventType "swiss"]
[EventRounds "9"]
[EventCountry "FRA"]
[SourceTitle "CBM 190 Extra"]
[Source "ChessBase"]
[SourceDate "2019.07.15"]
[SourceVersion "1"]
[SourceVersionDate "2019.07.15"]
[SourceQuality "1"]

1. e4 c5 2. Nf3 g6 3. d4 cxd4 4. Nxd4 Nc6 5. c4 Nf6 6. Nc3 d6 7. Nc2 Bg7 8. Be2 0-0 9. 0-0 Be6 10. Bd2 a6 11. Ne3 Nd4 12. Ned5 Nxd5 13. cxd5 Nxe2+ 14. Nxe2 Bd7 15. Bc3 Bxc3 16. Nxc3 Rc8 17. Qb3 b5 18. Rfc1 Rc4 19. a4 Qb6 20. axb5 axb5 21. Ra4 Rfc8 22. Rxc4 Rxc4 23. Re1 Qc5 24. h3 b4 25. Nd1 Rc1 26. Re2 Qd4 27. Re1 Qd2 28. Qe3 Qxe3 0-1

[Event "FRA-chT U20 Top"]
[Site "Bischwiller"]
[Date "2016.05.15"]
[Round "2"]
[White "Christien, Vincent"]
[Black "Cohen Revivo, Shoham"]
[Result "1-0"]
[WhiteElo "2072"]
[BlackElo "2163"]
[PlyCount "135"]
[EventDate "2016.05.14"]
[EventType "tourn"]
[EventRounds "11"]
[EventCountry "FRA"]
[SourceTitle "EXT 2019"]
[Source "ChessBase"]
[SourceDate "2018.10.10"]
[SourceVersion "1"]
[SourceVersionDate "2018.10.10"]
[SourceQuality "1"]

1. e4 e6 2. d4 d5 3. Nc3 Nf6 4. e5 Nfd7 5. f4 c5 6. Nf3 Nc6 7. Be3 a6 8. Qd2 b5 9. dxc5 Bxc5 10. Bd3 0-0 11. Ne2 Qb6 12. Bxc5 Nxc5 13. Ned4 Nxd4 14. Nxd4 Ne4 15. Bxe4 dxe4 16. Qe3 Bb7 17. 0-0 b4 18. Rfd1 Qc7 19. Rd2 Rae8 20. a3 f6 21. axb4 fxe5 22. fxe5 Qxe5 23. Ra5 Qf4 24. Qxf4 Rxf4 25. Re5 Ref8 26. h3 Rf1+ 27. Kh2 R1f2 28. Rxf2 Rxf2 29. Kg1 Rd2 30. Nxe6 e3 31. Rxe3 Rxg2+ 32. Kf1 Rxc2 33. Nd8 Bg2+ 34. Ke1 Kf8 35. Ne6+ Kf7 36. b3 Bd5 37. Nc5 a5 38. Re5 Bg2 39. bxa5 Kf6 40. Nd7+ Kf7 41. Re3 Ra2 42. b4 Ra4 43. Ne5+ Kf6 44. Nd3 Bd5 45. Kd2 Ra2+ 46. Kc3 Bc6 47. Nc5 Ra3+ 48. Nb3 Bd5 49. Kb2 Ra4 50. b5 Bxb3 51. Kxb3 Rxa5 52. Kb4 Ra8 53. b6 g5 54. Kb5 h5 55. b7 Rb8 56. Kc6 g4 57. h4 Kf5 58. Re7 g3 59. Rg7 Kf4 60. Kc7 Rh8 61. b8Q Rxb8 62. Kxb8 Kf3 63. Kc7 g2 64. Kd6 Kf2 65. Ke5 g1Q 66. Rxg1 Kxg1 67. Kf4 Kg2 68. Kg5 1-0

[Event "FRA-chT U20 Top"]
[Site "Bischwiller"]
[Date "2016.05.15"]
[Round "2"]
[White "Zachary, Matheo"]
[Black "Christien, Vincent"]
[Result "1-0"]
[WhiteElo "2086"]
[BlackElo "2072"]
[PlyCount "77"]
[EventDate "2016.05.14"]
[EventType "tourn"]
[EventRounds "11"]
[EventCountry "FRA"]
[SourceTitle "EXT 2019"]
[Source "ChessBase"]
[SourceDate "2018.10.10"]
[SourceVersion "1"]
[SourceVersionDate "2018.10.10"]
[SourceQuality "1"]

1. e4 e5 2. Nf3 Nc6 3. Bc4 Bc5 4. b4 Bxb4 5. c3 Ba5 6. d4 Bb6 7. dxe5 Nge7 8. Bg5 h6 9. Bh4 g5 10. Bg3 Ng6 11. Bb3 0-0 12. Nd4 Nxd4 13. cxd4 Ba5+ 14. Nd2 Bc3 15. Rc1 Bxd4 16. Nc4 Bc5 17. Qh5 Kg7 18. Ne3 Bxe3 19. fxe3 a5 20. a4 Ra6 21. 0-0 f6 22. h4 gxh4 23. Bf4 Nxf4 24. Rxf4 Qe8 25. Rg4+ Kh7 26. Qf5+ Kh8 27. e6 dxe6 28. Qf4 Qh5 29. Rc5 e5 30. Rxe5 f5 31. Rxh4 Qg6 32. Be6 Rxe6 33. Rxe6 Bxe6 34. Rxh6+ Kg7 35. Rxg6+ Kxg6 36. Qxc7 fxe4 37. Qxb7 Kf5 38. Qh7+ Ke5 39. Qc7+ 1-0

[Event "FRA-ch U12"]
[Site "Montbeliard"]
[Date "2014.04.25"]
[Round "6"]
[White "Christien, Vincent"]
[Black "Tomasi, Albert"]
[Result "0-1"]
[WhiteElo "1598"]
[BlackElo "1826"]
[PlyCount "78"]
[EventDate "2014.04.21"]
[EventType "swiss"]
[EventRounds "9"]
[EventCountry "FRA"]
[SourceTitle "CBM 160 Extra"]
[Source "ChessBase"]
[SourceDate "2014.07.01"]
[SourceVersion "1"]
[SourceVersionDate "2014.07.01"]
[SourceQuality "1"]

1. e4 e5 2. Nf3 Nc6 3. Nc3 Nf6 4. d4 exd4 5. Nxd4 Bb4 6. Nxc6 bxc6 7. Bd3 0-0 8. 0-0 d5 9. exd5 cxd5 10. Bg5 c6 11. Qf3 Bd6 12. Bxf6 Qxf6 13. Qxf6 gxf6 14. Rfe1 Rb8 15. Rab1 Be6 16. a3 c5 17. g3 Rfd8 18. Red1 f5 19. Bf1 Be5 20. f4 Bf6 21. Bg2 d4 22. Na4 d3 23. Rxd3 Rxd3 24. cxd3 Bd4+ 25. Kf1 Bd7 26. Nxc5 Bxc5 27. Rc1 Bb6 28. b4 Bb5 29. Ke2 Re8+ 30. Kd1 Bxd3 31. Rc3 Bb5 32. h3 Bd4 33. Rc7 Ba4+ 34. Kd2 Be3+ 35. Kc3 Bb6 36. Rb7 Rc8+ 37. Kd3 Bb5+ 38. Kd2 Rd8+ 39. Ke1 Kf8 0-1

[Event "FRA-chT U20"]
[Site "Marseille"]
[Date "2013.12.08"]
[Round "?"]
[White "Christien, Vincent"]
[Black "Baroyan, Davit"]
[Result "0-1"]
[WhiteElo "1595"]
[BlackElo "1548"]
[PlyCount "130"]
[EventDate "2013.12.07"]
[EventType "team-match"]
[EventRounds "5"]
[EventCountry "FRA"]
[SourceTitle "EXT 2015"]
[Source "ChessBase"]
[SourceDate "2014.11.20"]
[SourceVersion "1"]
[SourceVersionDate "2014.11.20"]
[SourceQuality "1"]

1. e4 c5 2. Nf3 Nc6 3. Bb5 d6 4. d4 cxd4 5. Qxd4 Bd7 6. Bxc6 Bxc6 7. Nc3 Nf6 8. Bg5 e6 9. Qd3 Be7 10. Nd4 Qa5 11. Nxc6 Qxg5 12. Nxe7 Kxe7 13. Qg3 Qxg3 14. hxg3 h6 15. f3 Rhd8 16. 0-0-0 Rd7 17. g4 Rad8 18. Rd3 d5 19. e5 Nh7 20. f4 f6 21. Rh5 Kf7 22. Nb5 fxe5 23. Rxe5 Nf6 24. g5 Ng4 25. Re1 Nf2 26. Rf3 Ne4 27. gxh6 gxh6 28. a3 a6 29. Nc3 Nxc3 30. Rxc3 Kf6 31. Rce3 Rd6 32. g4 Rg8 33. Rg3 h5 34. Reg1 hxg4 35. Rxg4 Rxg4 36. Rxg4 Kf5 37. Rh4 Rd7 38. Kd2 Rg7 39. Ke3 Rg2 40. Rh5+ Kg6 41. Re5 Kf6 42. Rh5 Rxc2 43. Rh7 Rxb2 44. Kd4 Rb3 45. Rc7 b5 46. Rc8 Rxa3 47. Rf8+ Ke7 48. Rb8 Ra4+ 49. Ke3 b4 50. f5 exf5 51. Kd4 a5 52. Ke5 Kd7 53. Kxd5 Kc7 54. Rf8 b3 55. Rf7+ Kd8 56. Kd6 Ke8 57. Ke6 b2 58. Rh7 Kf8 59. Rf7+ Kg8 60. Kf6 b1Q 61. Rg7+ Kh8 62. Rf7 Qb6+ 63. Kg5 Rg4+ 64. Kxf5 Qf2+ 65. Ke6 Qxf7+ 0-1

[Event "FRA-chT U20 16 GP Haute 1213"]
[Site "France"]
[Date "2013.05.19"]
[Round "10"]
[White "Christien, Vincent"]
[Black "Bassini, Emile"]
[Result "1-0"]
[WhiteElo "1424"]
[BlackElo "1476"]
[PlyCount "54"]
[EventDate "2012.12.01"]
[EventType "team"]
[EventRounds "11"]
[EventCountry "FRA"]
[SourceTitle "EXT 2014"]
[Source "ChessBase"]
[SourceDate "2013.11.20"]
[SourceVersion "1"]
[SourceVersionDate "2013.11.20"]
[SourceQuality "1"]
[WhiteTeam "Cannes (U20)"]
[BlackTeam "Bois Colombes (U20)"]
[WhiteTeamCountry "FRA"]
[BlackTeamCountry "FRA"]

1. e4 Nf6 2. e5 Nd5 3. c4 Nb6 4. d4 d6 5. exd6 cxd6 6. Nc3 g6 7. Be3 Bg7 8. Rc1 0-0 9. b3 e6 10. Nf3 N8d7 11. Be2 Rb8 12. 0-0 e5 13. dxe5 dxe5 14. c5 Na8 15. Nb5 a6 16. Nd6 Nc7 17. Bg5 Bf6 18. Bh6 Bg7 19. Bg5 Bf6 20. Bxf6 Nxf6 21. Nxe5 Ncd5 22. Bc4 Be6 23. Re1 Qc7 24. b4 Rbd8 25. a3 Rxd6 26. cxd6 Qxd6 27. Qf3 Rd8 1-0

[Event "FRA-chT U20 GpA 1213"]
[Site "France"]
[Date "2013.01.06"]
[Round "7"]
[White "Buyukyalcin Moussa, Elyes"]
[Black "Christien, Vincent"]
[Result "0-1"]
[WhiteElo "1440"]
[BlackElo "1424"]
[PlyCount "104"]
[EventDate "2012.12.01"]
[EventType "team"]
[EventRounds "7"]
[EventCountry "FRA"]
[SourceTitle "EXT 2014"]
[Source "ChessBase"]
[SourceDate "2013.11.20"]
[SourceVersion "1"]
[SourceVersionDate "2013.11.20"]
[SourceQuality "1"]
[WhiteTeam "Bischwiller (U20)"]
[BlackTeam "Cannes (U20)"]
[WhiteTeamCountry "FRA"]
[BlackTeamCountry "FRA"]

1. e4 c5 2. Nf3 Nc6 3. d4 cxd4 4. Nxd4 Nf6 5. Nc3 e5 6. Ndb5 d6 7. Bg5 a6 8. Na3 b5 9. Nd5 Be7 10. Nxe7 Qxe7 11. c3 h6 12. Bh4 g5 13. Bg3 Nxe4 14. Bd3 Nxg3 15. hxg3 Bd7 16. Nc2 e4 17. Be2 Ne5 18. Ne3 Rc8 19. Kf1 Be6 20. a3 Kf8 21. Nd5 Bxd5 22. Qxd5 Nc6 23. Rd1 f6 24. Qxd6 Qxd6 25. Rxd6 Ke7 26. Rd1 Ne5 27. Rd4 f5 28. g4 Ke6 29. gxf5+ Kxf5 30. g4+ Nxg4 31. Bxg4+ Kxg4 32. Rxe4+ Kf5 33. Rd4 Rc6 34. Rh3 Re8 35. Rf3+ Kg6 36. Rfd3 Ree6 37. Rd2 h5 38. R2d3 h4 39. Rf3 Rf6 40. Rxf6+ Kxf6 41. Ke2 Re6+ 42. Kf3 Kf5 43. Rd5+ Re5 44. Rxe5+ Kxe5 45. Kg4 Ke4 46. b3 Kd3 47. Kxg5 h3 48. f4 h2 49. f5 h1Q 50. f6 Qh8 51. Kg6 Qf8 52. f7 Kxc3 0-1

[Event "FRA-chT U20 GpA 1213"]
[Site "France"]
[Date "2013.01.05"]
[Round "6"]
[White "Zachary, Matheo"]
[Black "Christien, Vincent"]
[Result "1-0"]
[WhiteElo "1329"]
[BlackElo "1424"]
[PlyCount "93"]
[EventDate "2012.12.01"]
[EventType "team"]
[EventRounds "7"]
[EventCountry "FRA"]
[SourceTitle "EXT 2014"]
[Source "ChessBase"]
[SourceDate "2013.11.20"]
[SourceVersion "1"]
[SourceVersionDate "2013.11.20"]
[SourceQuality "1"]
[WhiteTeam "Mulhouse (U20)"]
[BlackTeam "Cannes (U20)"]
[WhiteTeamCountry "FRA"]
[BlackTeamCountry "FRA"]

1. e4 c5 2. Nc3 Nc6 3. g3 e6 4. Bg2 Nge7 5. d3 d5 6. exd5 exd5 7. Bg5 Be6 8. Nge2 Qd7 9. Bd2 g6 10. Nf4 Bg7 11. 0-0 0-0 12. Re1 Rad8 13. Qc1 Nf5 14. Ncxd5 Bxd5 15. Nxd5 Kh8 16. Bc3 Ncd4 17. Ne3 Bh6 18. Qd1 b5 19. Nxf5 Qxf5 20. Bxd4+ Rxd4 21. Qf3 Qxf3 22. Bxf3 c4 23. Rad1 Rfd8 24. dxc4 Rxd1 25. Rxd1 Rxd1+ 26. Bxd1 bxc4 27. Be2 Bg7 28. Bxc4 Bxb2 29. Bxf7 Kg7 30. Bb3 Bc3 31. Kg2 Kf6 32. f4 g5 33. fxg5+ Kxg5 34. Kf3 Kf5 35. Bg8 h6 36. Bb3 a5 37. a4 h5 38. h3 Bb4 39. g4+ hxg4+ 40. hxg4+ Kg5 41. Be6 Kf6 42. Bf5 Ke5 43. Ke3 Bc3 44. Kd3 Bb4 45. Kc4 Kf4 46. Kd4 Kg5 47. c4 1-0

[Event "FRA-chT U20 GpA 1213"]
[Site "France"]
[Date "2013.01.04"]
[Round "4"]
[White "Christien, Vincent"]
[Black "Charbonnel, Christophe"]
[Result "1-0"]
[WhiteElo "1424"]
[BlackElo "1240"]
[PlyCount "61"]
[EventDate "2012.12.01"]
[EventType "team"]
[EventRounds "7"]
[EventCountry "FRA"]
[SourceTitle "EXT 2014"]
[Source "ChessBase"]
[SourceDate "2013.11.20"]
[SourceVersion "1"]
[SourceVersionDate "2013.11.20"]
[SourceQuality "1"]
[WhiteTeam "Cannes (U20)"]
[BlackTeam "Vandoeuvre U20"]
[WhiteTeamCountry "FRA"]
[BlackTeamCountry "FRA"]

1. e4 d6 2. d4 Nf6 3. Nc3 g6 4. f3 Bg7 5. Be3 0-0 6. Qd2 e5 7. Nge2 Be6 8. g4 Nbd7 9. 0-0-0 c6 10. d5 cxd5 11. exd5 Nxd5 12. Nxd5 Nb6 13. Nxb6 axb6 14. a3 Bd5 15. Qxd5 Qf6 16. Nc3 Rfc8 17. Bh3 Rc7 18. g5 Qd8 19. Bxb6 Qb8 20. Bxc7 Qxc7 21. Qb3 Qc6 22. Nd5 f5 23. Ne7+ Kf8 24. Nxc6 Rc8 25. Qxb7 Re8 26. Rxd6 e4 27. fxe4 Rxe4 28. Rd8+ Re8 29. Qe7+ Kg8 30. Rxe8+ Bf8 31. Qxf8# 1-0

[Event "FRA-chT U20 GpA 1213"]
[Site "France"]
[Date "2013.01.04"]
[Round "4"]
[White "De Talance, Berenice"]
[Black "Christien, Vincent"]
[Result "0-1"]
[WhiteElo "1501"]
[BlackElo "1424"]
[PlyCount "64"]
[EventDate "2012.12.01"]
[EventType "team"]
[EventRounds "7"]
[EventCountry "FRA"]
[SourceTitle "EXT 2014"]
[Source "ChessBase"]
[SourceDate "2013.11.20"]
[SourceVersion "1"]
[SourceVersionDate "2013.11.20"]
[SourceQuality "1"]
[WhiteTeam "Vandoeuvre U20"]
[BlackTeam "Cannes (U20)"]
[WhiteTeamCountry "FRA"]
[BlackTeamCountry "FRA"]

1. e4 c5 2. Nf3 Nc6 3. c3 Nf6 4. e5 Nd5 5. d4 cxd4 6. cxd4 d6 7. Be2 Bf5 8. 0-0 dxe5 9. dxe5 e6 10. Bg5 Be7 11. Bxe7 Qxe7 12. Nbd2 0-0 13. Nc4 Rfd8 14. Nd6 Nxe5 15. Nxf5 exf5 16. Qb3 Ng4 17. Bc4 Nb6 18. Rfe1 Qf8 19. h3 Nxf2 20. Bxf7+ Qxf7 21. Qxf7+ Kxf7 22. Kxf2 Rac8 23. Ng5+ Kf6 24. h4 Rc2+ 25. Re2 Rxe2+ 26. Kxe2 Nc4 27. b3 Ne5 28. Nxh7+ Kg6 29. Ng5 Rd4 30. g3 f4 31. gxf4 Rxf4 32. Rh1 Kh5 0-1

[Event "FRA-chT U20 GpA 1213"]
[Site "France"]
[Date "2012.12.02"]
[Round "3"]
[White "Lomandong, Marc Antoine"]
[Black "Christien, Vincent"]
[Result "0-1"]
[WhiteElo "1603"]
[BlackElo "1424"]
[PlyCount "66"]
[EventDate "2012.12.01"]
[EventType "team"]
[EventRounds "7"]
[EventCountry "FRA"]
[SourceTitle "EXT 2014"]
[Source "ChessBase"]
[SourceDate "2013.11.20"]
[SourceVersion "1"]
[SourceVersionDate "2013.11.20"]
[SourceQuality "1"]
[WhiteTeam "Monaco (U20)"]
[BlackTeam "Cannes (U20)"]
[WhiteTeamCountry "FRA"]
[BlackTeamCountry "FRA"]

1. d4 Nf6 2. c4 c5 3. d5 e6 4. Nc3 exd5 5. cxd5 d6 6. e4 g6 7. Nf3 a6 8. Bd3 Bg4 9. h3 Bxf3 10. Qxf3 Bg7 11. 0-0 0-0 12. Bf4 Qe7 13. Rfe1 Ne8 14. a4 Nd7 15. Rac1 Ne5 16. Qe3 Nc7 17. Bxe5 Bxe5 18. Kh1 Qf6 19. Rf1 Bd4 20. Qd2 Rfe8 21. f4 Qg7 22. f5 Rab8 23. Qf4 Be5 24. Qf3 b5 25. axb5 axb5 26. f6 Qh8 27. g4 Rec8 28. g5 Na6 29. Ra1 Nc7 30. Rfb1 h6 31. gxh6 Qxh6 32. Bf1 Qg5 33. Qg4 Bxf6 0-1